[Event "Mar del Plata op"]
[Site "Mar del Plata"]
[Date "1994.??.??"]
[Round "5"]
[White "Loiterstein, Mariano"]
[Black "Najdorf, Miguel"]
[Result "0-1"]
[WhiteElo "2255"]
[BlackElo "2445"]
[PlyCount "130"]
[EventDate "1994.04.??"]
[EventType "swiss"]
[EventRounds "9"]
[EventCountry "ARG"]
[SourceTitle "EXT 1997"]
[Source "ChessBase"]
[SourceDate "1996.11.15"]
[SourceVersion "1"]
[SourceVersionDate "1996.11.15"]
[SourceQuality "1"]

1. d4 Nf6 2. Nf3 e6 3. c4 b6 4. g3 Ba6 5. b3 Bb4+ 6. Bd2 Be7 7. Bg2 0-0 8. 0-0 d5 9. Ne5 c6 10. Bc3 Nfd7 11. Nxd7 Nxd7 12. Nd2 b5 13. Rc1 bxc4 14. bxc4 Nb6 15. c5 Nc4 16. Nxc4 Bxc4 17. Qd2 e5 18. Rfd1 Bg5 19. e3 e4 20. Ba5 Qe7 21. Rb1 Rab8 22. Rb2 Bd3 23. Rb4 h5 24. Bf1 Bxf1 25. Rxf1 h4 26. Rfb1 Rxb4 27. Rxb4 Qd7 28. Qe2 g6 29. a4 Kg7 30. Rb1 Rh8 31. Bd2 Qc7 32. Kg2 h3+ 33. Kg1 Rb8 34. Rxb8 Qxb8 35. Qf1 Qb3 36. a5 Bd8 37. Be1 Qb1 38. Bc3 Qc2 39. Be1 Qc1 40. Bb4 Qb2 41. Be1 Qa1 42. a6 g5 43. Bd2 Qa2 44. Be1 g4 45. Bc3 Kh7 46. Qa1 Qe2 47. Qf1 Qc2 48. Qa1 Qd3 49. Bb4 Bc7 50. Bc3 Kg6 51. Bb4 Kf5 52. Bc3 Qc4 53. Bd2 Qe2 54. Bc3 Ke6 55. Qf1 Qc2 56. Qe1 Qd3 57. Qa1 f5 58. Bb4 Qc4 59. Bc3 Qd3 60. Bb4 Qe2 61. Bc3 f4 62. gxf4 Qf3 63. Qf1 Bxf4 64. Bd2 Bxh2+ 65. Kxh2 g3+ 0-1

[Event "Mar del Plata op"]
[Site "Mar del Plata"]
[Date "1994.??.??"]
[Round "7"]
[White "Rubinetti, Jorge Alberto"]
[Black "Najdorf, Miguel"]
[Result "1/2-1/2"]
[WhiteElo "2455"]
[BlackElo "2445"]
[PlyCount "25"]
[EventDate "1994.04.??"]
[EventType "swiss"]
[EventRounds "9"]
[EventCountry "ARG"]
[SourceTitle "EXT 1997"]
[Source "ChessBase"]
[SourceDate "1996.11.15"]
[SourceVersion "1"]
[SourceVersionDate "1996.11.15"]
[SourceQuality "1"]

1. d4 Nf6 2. c4 e6 3. Nf3 b6 4. g3 Bb7 5. Bg2 Bb4+ 6. Bd2 Bxd2+ 7. Qxd2 Qe7 8. 0-0 d6 9. Nc3 Ne4 10. Qe3 Nxc3 11. Qxc3 0-0 12. Rfe1 c5 13. Rad1 1/2-1/2

[Event "ARG-ch"]
[Site "Argentina"]
[Date "1989.??.??"]
[Round "12"]
[White "Najdorf, Miguel"]
[Black "Bielicki, Carlos"]
[Result "1/2-1/2"]
[WhiteElo "2465"]
[BlackElo "2315"]
[PlyCount "192"]
[EventDate "1989.??.??"]
[EventType "tourn"]
[EventRounds "17"]
[EventCountry "ARG"]
[EventCategory "6"]
[SourceTitle "EXT 1997"]
[Source "ChessBase"]
[SourceDate "1996.11.15"]
[SourceVersion "1"]
[SourceVersionDate "1996.11.15"]
[SourceQuality "1"]

1. d4 Nf6 2. c4 e6 3. Nf3 b6 4. a3 Ba6 5. Qc2 Bb7 6. Nc3 c5 7. e4 cxd4 8. Nxd4 Bc5 9. Nb3 Nc6 10. Nxc5 bxc5 11. Bd3 d6 12. 0-0 h6 13. f4 0-0 14. Rb1 Nd4 15. Qd1 Nd7 16. Be3 Rb8 17. b4 f5 18. bxc5 dxc5 19. e5 Qa5 20. Bd2 Qc7 21. Rf2 a6 22. Be3 Rfd8 23. Rfb2 Bc6 24. Qd2 Rxb2 25. Rxb2 Nf8 26. Ne2 Nxe2+ 27. Qxe2 Qa5 28. Rb3 Ba4 29. Bd2 Qc7 30. Rc3 Qb6 31. Be3 Qa5 32. Qd2 Ng6 33. h3 Bc6 34. Qb2 Nh4 35. Bf1 Rd1 36. Rc1 Rd8 37. Qc3 Qc7 38. Qe1 Ng6 39. Qf2 Qa5 40. Bxc5 Qd2 41. Be3 Qxf2+ 42. Kxf2 Rb8 43. Rd1 Kf7 44. Be2 Ne7 45. Rd2 g6 46. Bc5 Rb7 47. Bb4 Be4 48. g3 Nc6 49. Bc5 Rb3 50. Rd7+ Kg8 51. h4 h5 52. Rd6 Kf7 53. Bd1 Rc3 54. Be2 Rb3 55. Rd2 Ke8 56. Bd6 Kf7 57. a4 a5 58. Bd1 Rc3 59. Rb2 Nd4 60. Bc7 Rc1 61. Rd2 Nc6 62. Be2 Ra1 63. Rd7+ Kf8 64. Bd1 Rc1 65. Rd6 Ke7 66. Bb6 Rb1 67. Bc5 Kf7 68. Rd7+ Ke8 69. Rd2 Rc1 70. Be3 Rc3 71. Rd6 Ke7 72. Bd2 Rd3 73. Rxd3 Bxd3 74. c5 Be4 75. Bf3 Bd5 76. Be2 Kd7 77. Bb5 Kc7 78. Ke3 Kd7 79. Kd3 Be4+ 80. Kc3 Bd5 81. Bc4 Kc7 82. Kd3 Be4+ 83. Ke3 Kd7 84. Bb5 Ke7 85. Bc4 Bc2 86. Bb5 Be4 87. Be1 Kd8 88. Kd2 Ke7 89. Kc3 Kd8 90. Bxc6 Bxc6 91. Kb3 Bd5+ 92. Ka3 Kc7 93. Bxa5+ Kc6 94. Kb4 Bf3 95. Bd8 Be2 96. Be7 Bf1 1/2-1/2

[Event "ARG-ch"]
[Site "Argentina"]
[Date "1989.??.??"]
[Round "4"]
[White "Najdorf, Miguel"]
[Black "Paglilla, Carlos"]
[Result "1/2-1/2"]
[WhiteElo "2465"]
[BlackElo "2395"]
[PlyCount "40"]
[EventDate "1989.??.??"]
[EventType "tourn"]
[EventRounds "17"]
[EventCountry "ARG"]
[EventCategory "6"]
[SourceTitle "EXT 1997"]
[Source "ChessBase"]
[SourceDate "1996.11.15"]
[SourceVersion "1"]
[SourceVersionDate "1996.11.15"]
[SourceQuality "1"]

1. d4 d6 2. e4 Nf6 3. Nc3 g6 4. Nf3 Bg7 5. h3 0-0 6. Be3 c6 7. a4 a5 8. Be2 Na6 9. 0-0 Nb4 10. Nd2 d5 11. e5 Ne8 12. Na2 f6 13. exf6 Bxf6 14. Nxb4 axb4 15. Nb3 e5 16. Qd2 exd4 17. Bxd4 Bxd4 18. Nxd4 Qd6 19. f4 Nf6 20. Bd3 Bd7 1/2-1/2

[Event "ARG-ch"]
[Site "Argentina"]
[Date "1989.??.??"]
[Round "9"]
[White "Soppe, Guillermo"]
[Black "Najdorf, Miguel"]
[Result "1/2-1/2"]
[WhiteElo "2425"]
[BlackElo "2465"]
[PlyCount "44"]
[EventDate "1989.??.??"]
[EventType "tourn"]
[EventRounds "17"]
[EventCountry "ARG"]
[EventCategory "6"]
[SourceTitle "EXT 1997"]
[Source "ChessBase"]
[SourceDate "1996.11.15"]
[SourceVersion "1"]
[SourceVersionDate "1996.11.15"]
[SourceQuality "1"]

1. d4 Nf6 2. c4 e6 3. Nf3 b6 4. a3 Ba6 5. Qc2 Bb7 6. Nc3 c5 7. dxc5 Bxc5 8. Bg5 a6 9. e3 Be7 10. Be2 d6 11. 0-0 Nbd7 12. Rfd1 0-0 13. Bf4 Qc7 14. Qd2 Ne5 15. Nxe5 dxe5 16. Bg5 Bc6 17. b4 h6 18. Bxf6 Bxf6 19. Rac1 Qe7 20. Qc2 e4 21. Rb1 Be5 22. Nxe4 Bxh2+ 1/2-1/2

[Event "Mar del Plata op"]
[Site "Mar del Plata"]
[Date "1988.??.??"]
[Round "6"]
[White "Najdorf, Miguel"]
[Black "Campos Gambuti, Luis Maria"]
[Result "1-0"]
[WhiteElo "2465"]
[BlackElo "2290"]
[PlyCount "45"]
[EventDate "1988.??.??"]
[EventType "swiss"]
[EventRounds "9"]
[EventCountry "ARG"]
[SourceTitle "EXT 2003"]
[Source "ChessBase"]
[SourceDate "2002.11.25"]
[SourceVersion "1"]
[SourceVersionDate "2002.11.25"]
[SourceQuality "1"]

1. d4 e6 2. c4 d5 3. Nf3 Be7 4. g3 Nf6 5. Bg2 dxc4 6. 0-0 0-0 7. Qc2 a6 8. a4 c5 9. dxc5 Bxc5 10. Nbd2 b6 11. Nxc4 Bb7 12. Bg5 h6 13. Rfd1 Qe7 14. Bxf6 Qxf6 15. b4 Bxb4 16. Nxb6 Ra7 17. a5 Qe7 18. e4 Rd8 19. Ne5 Rxd1+ 20. Rxd1 Bxa5 21. Nbd7 Nxd7 22. Rxd7 Qe8 23. Qc5 1-0

[Event "Mar del Plata op"]
[Site "Mar del Plata"]
[Date "1988.??.??"]
[Round "2"]
[White "Najdorf, Miguel"]
[Black "Gallego, Ruben"]
[Result "1/2-1/2"]
[WhiteElo "2465"]
[BlackElo "2260"]
[PlyCount "114"]
[EventDate "1988.??.??"]
[EventType "swiss"]
[EventRounds "9"]
[EventCountry "ARG"]
[SourceTitle "EXT 2003"]
[Source "ChessBase"]
[SourceDate "2002.11.25"]
[SourceVersion "1"]
[SourceVersionDate "2002.11.25"]
[SourceQuality "1"]

1. c4 c5 2. Nc3 b6 3. Nf3 Bb7 4. e4 e6 5. Be2 d6 6. d4 cxd4 7. Nxd4 Nf6 8. f3 Be7 9. 0-0 0-0 10. Be3 a6 11. Qd2 Qc7 12. Rac1 Nbd7 13. Rfd1 Rac8 14. g4 Ne5 15. g5 Nfd7 16. f4 Nc6 17. Nd5 exd5 18. cxd5 Nxd4 19. Rxc7 Nxe2+ 20. Qxe2 Rxc7 21. e5 g6 22. b4 b5 23. h4 Re8 24. e6 fxe6 25. dxe6 Nf8 26. h5 Nxe6 27. hxg6 hxg6 28. Qd3 Nf8 29. Bd4 Bd8 30. Bb2 Rh7 31. Qb3+ Ne6 32. Rxd6 Rh1+ 33. Kf2 Rh2+ 34. Kg1 Rh1+ 35. Kf2 Rh2+ 36. Kg1 Rxb2 37. Qxb2 Nxf4 38. Qb3+ Kf8 39. Qb2 Kg8 40. Qb3+ Kf8 41. Qb2 Bb6+ 42. Kh2 Re2+ 43. Qxe2 Bg1+ 44. Kxg1 Nxe2+ 45. Kf2 Nc3 46. Rb6 Bd5 47. a3 Ne4+ 48. Ke3 Nxg5 49. Rxa6 Ne6 50. a4 bxa4 51. Rxa4 Ke7 52. Ra1 Kd6 53. Rc1 g5 54. b5 g4 55. b6 g3 56. Rd1 g2 57. Kf2 Nc5 1/2-1/2

[Event "Buenos Aires"]
[Site "Buenos Aires"]
[Date "1988.??.??"]
[Round "?"]
[White "Najdorf, Miguel"]
[Black "Tempone, Marcelo"]
[Result "1/2-1/2"]
[WhiteElo "2465"]
[BlackElo "2450"]
[PlyCount "42"]
[EventDate "1988.04.??"]
[EventType "tourn"]
[EventRounds "15"]
[EventCountry "ARG"]
[EventCategory "8"]
[SourceTitle "EXT 1997"]
[Source "ChessBase"]
[SourceDate "1996.11.15"]
[SourceVersion "1"]
[SourceVersionDate "1996.11.15"]
[SourceQuality "1"]

1. d4 g6 2. e4 Bg7 3. Nf3 c6 4. c4 d5 5. cxd5 cxd5 6. e5 Nc6 7. h3 Bf5 8. Nc3 e6 9. Be2 Be4 10. 0-0 Bxf3 11. Bxf3 Qb6 12. Be3 Nge7 13. Na4 Qd8 14. Nc5 Rb8 15. g4 0-0 16. Bg2 b6 17. Nd3 Qd7 18. Qd2 Rfc8 19. Rac1 Na5 20. b3 Rxc1 21. Rxc1 Rc8 1/2-1/2

[Event "ARG-ch 60th"]
[Site "Buenos Aires"]
[Date "1986.??.??"]
[Round "6"]
[White "Najdorf, Miguel"]
[Black "Bazan, Osvaldo"]
[Result "1-0"]
[WhiteElo "2495"]
[BlackElo "2225"]
[PlyCount "73"]
[EventDate "1986.??.??"]
[EventType "tourn"]
[EventRounds "14"]
[EventCountry "ARG"]
[SourceTitle "EXT 2001"]
[Source "ChessBase"]
[SourceDate "2000.11.22"]
[SourceVersion "1"]
[SourceVersionDate "2000.11.22"]
[SourceQuality "1"]

1. d4 Nf6 2. c4 g6 3. Nc3 Bg7 4. e4 d6 5. Be2 0-0 6. Nf3 c5 7. d5 e6 8. 0-0 exd5 9. cxd5 Re8 10. Nd2 a6 11. a4 Nbd7 12. Qc2 Ne5 13. h3 g5 14. Nf3 Nxf3+ 15. Bxf3 Nd7 16. Bg4 b6 17. Ne2 Kh8 18. Ng3 Rg8 19. Ra3 Ra7 20. Bd2 Rc7 21. Nh5 Qe7 22. Rb3 Rb7 23. Nxg7 Rxg7 24. Bc3 f6 25. f4 gxf4 26. Rxf4 c4 27. Ra3 Rxg4 28. Rxg4 Ne5 29. Rg3 Bd7 30. Ra1 Be8 31. Rf1 Bg6 32. Qf2 Kg7 33. h4 Kf7 34. Bxe5 Qxe5 35. Rf3 Kg7 36. Rxf6 Qxe4 37. Re6 1-0

[Event "Buenos Aires"]
[Site "Buenos Aires"]
[Date "1983.??.??"]
[Round "2"]
[White "Tempone, Marcelo"]
[Black "Najdorf, Miguel"]
[Result "0-1"]
[WhiteElo "2330"]
[BlackElo "2515"]
[PlyCount "46"]
[EventDate "1983.03.??"]
[EventType "tourn"]
[EventRounds "11"]
[EventCountry "ARG"]
[EventCategory "6"]
[SourceTitle "MCD"]
[Source "ChessBase"]
[SourceDate "1999.07.01"]
[SourceVersion "1"]
[SourceVersionDate "1999.07.01"]
[SourceQuality "1"]

1. Nf3 Nf6 2. c4 g6 3. g3 Bg7 4. Bg2 0-0 5. 0-0 d6 6. Nc3 e5 7. d3 Nc6 8. Rb1 h6 9. b4 Be6 10. b5 Ne7 11. a4 Qd7 12. Re1 Bh3 13. Bh1 Ng4 14. Nd5 Nxd5 15. cxd5 f5 16. Rb4 f4 17. Qc2 g5 18. d4 e4 19. Qxe4 Nxf2 20. Qc2 Nxh1 21. Kxh1 Bf5 22. Qc3 Be4 23. Kg1 fxg3 0-1

[Event "Bugojno"]
[Site "Bugojno"]
[Date "1982.05.17"]
[Round "9"]
[White "Petrosian, Tigran V"]
[Black "Najdorf, Miguel"]
[Result "1/2-1/2"]
[WhiteElo "2605"]
[BlackElo "2510"]
[PlyCount "58"]
[EventDate "1982.05.07"]
[EventType "tourn"]
[EventRounds "13"]
[EventCountry "YUG"]
[EventCategory "14"]
[SourceTitle "MCD"]
[Source "ChessBase"]
[SourceDate "1999.07.01"]
[SourceVersion "1"]
[SourceVersionDate "1999.07.01"]
[SourceQuality "1"]

1. c4 Nf6 2. g3 e6 3. Bg2 d5 4. Nf3 Be7 5. 0-0 0-0 6. d4 dxc4 7. Qc2 a6 8. Qxc4 b5 9. Qc2 Bb7 10. Bf4 Nc6 11. Rd1 Nb4 12. Qc1 Qc8 13. Bg5 Nbd5 14. Nbd2 h6 15. Bxf6 Nxf6 16. Nb3 Bd6 17. Qe3 Bd5 18. Ne5 Qb7 19. Na5 Qb6 20. Nec6 Rfe8 21. Rac1 Bxg2 22. Kxg2 e5 23. Rc2 Nd7 24. a3 exd4 25. Qxd4 Qxd4 26. Rxd4 Nb6 27. e4 g5 28. Nb7 Bf8 29. Nc5 Nc4 1/2-1/2

[Event "Bugojno"]
[Site "Bugojno"]
[Date "1982.05.08"]
[Round "2"]
[White "Najdorf, Miguel"]
[Black "Kavalek, Lubomir"]
[Result "1/2-1/2"]
[WhiteElo "2510"]
[BlackElo "2590"]
[PlyCount "31"]
[EventDate "1982.05.07"]
[EventType "tourn"]
[EventRounds "13"]
[EventCountry "YUG"]
[EventCategory "14"]
[SourceTitle "MCD"]
[Source "ChessBase"]
[SourceDate "1999.07.01"]
[SourceVersion "1"]
[SourceVersionDate "1999.07.01"]
[SourceQuality "1"]

1. d4 Nf6 2. c4 e6 3. Nf3 b6 4. g3 Ba6 5. Nbd2 Bb4 6. Qa4 c5 7. a3 Bxd2+ 8. Bxd2 cxd4 9. Bg2 Bb7 10. 0-0 Bc6 11. Qd1 Bxf3 12. Bxf3 Nc6 13. Bf4 0-0 14. Bd6 Re8 15. Bxc6 dxc6 16. Qxd4 1/2-1/2